[Event "Mont de Marsan op 6th"]
[Site "Mont de Marsan"]
[Date "2006.12.27"]
[Round "3"]
[White "Dubos, Patricia"]
[Black "Birebent, Guy"]
[Result "0-1"]
[WhiteElo "1350"]
[BlackElo "1824"]
[PlyCount "34"]
[EventDate "2006.12.26"]
[EventType "swiss"]
[EventRounds "9"]
[EventCountry "FRA"]
[SourceTitle "CBM 116 Extra"]
[Source "ChessBase"]
[SourceDate "2007.03.07"]
[SourceVersion "1"]
[SourceVersionDate "2007.03.07"]
[SourceQuality "1"]

1. e4 e6 2. d4 d5 3. exd5 exd5 4. Be2 Be6 5. Nf3 c5 6. Be3 c4 7. c3 Nf6 8. Ne5 Bd6 9. 0-0 0-0 10. Nd2 Nbd7 11. Bf4 Be7 12. Ndf3 Ne4 13. Qc2 b5 14. b3 Rc8 15. Nd2 cxb3 16. axb3 Nxc3 17. Bd3 Ne2+ 0-1

[Event "Mont de Marsan op"]
[Site "Mont de Marsan"]
[Date "2005.12.26"]
[Round "2"]
[White "Louis, Thibault"]
[Black "Dubos, Patricia"]
[Result "1-0"]
[WhiteElo "1720"]
[BlackElo "1280"]
[PlyCount "61"]
[EventDate "2005.12.26"]
[EventType "swiss"]
[EventRounds "7"]
[EventCountry "FRA"]
[SourceTitle "CBM 110 Extra"]
[Source "ChessBase"]
[SourceDate "2006.03.10"]
[SourceVersion "2"]
[SourceVersionDate "2006.03.10"]
[SourceQuality "1"]

1. e4 e5 2. Nf3 Nc6 3. Bb5 Nf6 4. 0-0 Bc5 5. Nc3 d5 6. Nxe5 Qd6 7. Bxc6+ bxc6 8. exd5 cxd5 9. d4 Bb6 10. Bf4 0-0 11. Ng6 Qb4 12. Nxf8 Kxf8 13. Bg5 Bxd4 14. Bxf6 Bxf6 15. Nxd5 Qh4 16. Nxf6 Qxf6 17. Qd3 Bf5 18. Qc3 Qg5 19. Qxc7 Bh3 20. Qg3 Qxg3 21. fxg3 Be6 22. Rae1 Re8 23. Re5 Kg8 24. c4 f6 25. Re4 Kf7 26. g4 g5 27. Rfe1 Rc8 28. Rxe6 Rxc4 29. Re7+ Kg6 30. h3 a5 31. Rd1 1-0